LEADER 00505nab a2200133 i 4500 001 000000324561 003 CaOOAMICUS 005 20180831173445.0 008 180831n it uu u0 0ita r 013 $a35435 040 $aSeMil$bita 245 12$aL'avete fatto a me... Pastorale Vocazionale... In [rubrica] :$bLa Fiaccola ricorda. 773 0 $t[FEBBRAIO 2002]. - 32 p.$gp.32-[33]$w()283209 996 $6245$aL'avete fatto a me... Pastorale Vocazionale... In [rubrica] :$bLa Fiaccola ricorda.$9(OLS)http://semarc/title/397846 LEADER 00667naa a2200145 i 4500 001 000000330070 003 CaOOAMICUS 005 20180831173632.0 008 180831n it u000 u ita u 013 $a41802 040 $aSeMil$bita 245 12$aI rapporti tra Roncalli e Montini alla luce dell'epistolario. 650 4$aPaolo VI [e] Giovanni XXIII .$0(OLS)http://semarc/subject/47524 773 0 $tGiovanni 23. e Paolo 6..$dRoma : Studium, 2013.$kFonti e ricerche della Fondazione Papa Giovanni 23$z978-88-382-4262-5$gp.129-156$w()257794 996 $6245$aI rapporti tra Roncalli e Montini alla luce dell'epistolario$9(OLS)http://semarc/title/418531